| 000 | 01320cam a2200349 i 4500 | ||
|---|---|---|---|
| 999 |
_c200447997 _d66209 |
||
| 001 | 200447997 | ||
| 003 | TR-AnTOB | ||
| 005 | 20220512171753.0 | ||
| 007 | ta | ||
| 008 | 750516s1953 fr a 000 0 eng d | ||
| 010 | _a53003723 | ||
| 035 | _a(OCoLC)1337995 | ||
| 040 |
_aTOL _beng _erda _cTOL _dOCL _dSER _dTR-AnTOB |
||
| 041 | 0 | _aeng | |
| 050 | 0 | 0 |
_bTN871.5 _a.O7 1953 |
| 086 | 0 | _aOEEC T 255am 57 | |
| 090 |
_aTOBBK TN871.5 _b.O7 1953 |
||
| 110 | 2 |
_aOrganisation for European Economic Co-operation _0http://id.loc.gov/authorities/names/n79055341. _9103898 |
|
| 245 | 1 | 0 |
_aProduction of drilling and refining oil equipment in the U.S.A. _bTechnical Assistance Mission No. 57. _cOrganisation for European Economic Co-operation. |
| 264 |
_aParis : _bOrganisation for European Economic Co-operation, _c1953. |
||
| 300 |
_a130 pages : _billustrations ; _c24 cm |
||
| 336 |
_atext _btxt _2rdacontent |
||
| 337 |
_aunmediated _bn _2rdamedia |
||
| 338 |
_avolume _bnc _2rdacarrier |
||
| 500 | _aErrata slip inserted. | ||
| 500 | _a"Technical Assistance Mission number 57." | ||
| 650 | 0 |
_aPetroleum industry and trade _xEquipment and supplies. _924726 |
|
| 653 |
_aPetroleum industry and trade _aEquipment and supplies. |
||
| 942 |
_2z _cBK |
||